|
|
|
|
| LEADER |
00865nta a2200205 i 4500 |
| 001 |
dokt9268 |
| 005 |
20240320154742.0 |
| 008 |
240320s1959 hu om 0|| hun d |
| 040 |
|
|
|a SZTE Doktori Repozitórium
|b hun
|
| 041 |
|
|
|a hun
|
| 100 |
1 |
|
|a Bierbauer József
|
| 245 |
1 |
2 |
|a A szarvasmarha tejmirígyének szövettani, fejlődéstani, hisztokémiai és fajta vizsgálata az embrionális és postembrionális korban, valamint a laktáló állapotban
|h [elektronikus dokumentum] /
|c Bierbauer József
|
| 260 |
|
|
|c 1959
|
| 502 |
|
|
|a Disszertacio
|
| 650 |
|
4 |
|a biológiai tudományok
|
| 650 |
|
4 |
|a Biológiai tudományok
|
| 650 |
|
4 |
|a Zoológia, ornitológia, entomológia, viselkedéstudomány biológiája
|
| 695 |
|
|
|a Állattan
|
| 700 |
0 |
1 |
|a Ábrahám Ambrus
|e ths
|
| 856 |
4 |
0 |
|u https://doktori.bibl.u-szeged.hu/id/eprint/9268/1/1959_bierbauer_jozsef.pdf
|z Dokumentum-elérés
|